| 000 -ლიდერი |
| ფიქსირებული სიგრძის საკონტროლო ველი |
01084nam a2200229Ia 4500 |
| 001 - საკონტროლო ნომერი |
| საკონტროლო ველი |
16093 |
| 003 - საკონტროლო ნომრის იდენტიფიკატორი |
| საკონტროლო ველი |
GE_BSU |
| 005 - ბოლო ოპერაციის თარიღი და დრო |
| საკონტროლო ველი |
20231018145904.0 |
| 008 - ფიქსირებული სიგრძის მონაცემთა ელემენტები - ზოგადი ინფორმაცია |
| ფიქსირებული სიგრძის საკონტროლო ველი |
181216s2009||||ge |||||||||||||| ||geo|| |
| 020 ## - წიგნის საერთაშორისო სტანდარტული ნომერი |
| International Standard Book Number |
9789941131233 |
| 040 ## - კატალოგიზაციის წყარო |
| Transcribing agency |
GE_BSU |
| 041 ## - ენის კოდი |
| Language code of text/sound track or separate title |
geo |
| 100 ## - მთავარი ჩანაწერი - პიროვნების სახელი |
| Personal name |
სუპატაშვილი, გურამ |
| 9 (RLIN) |
20102 |
| 245 ## - ცნობა სათაურის შესახებ |
| Title |
გარემოს ქიმია : |
| Remainder of title |
(ეკოქიმია) / |
| Statement of responsibility, etc |
გურამ სუპატაშვილი ; [რედ. ნინო თაყაიშვილი] ; ივანე ჯავახიშვილის სახ. თსუ. |
| 264 ## - წარმოების, გამოცემის, დისტრიბუციის და სხვა ცნობები |
| გამოცემის, წარმოების, დისტრიბუციის... ადგილი |
თბილისი : |
| გამოცემის, წარმოების, დისტრიბუციის... სახელწოდება |
თბილ. უნ-ტის გამ-ბა, |
| გამოცემის, წარმოების, დისტრიბუციის... თარიღი |
2009. |
| 300 ## - ფიზიკური აღწერა |
| Extent |
188გვ. ; |
| Other physical details |
20სმ |
| 300 ## - ფიზიკური აღწერა |
| Accompanying material |
ცნებები და ტერმინები: გვ. 172-185. - ბიბლიოგრ.: გვ. 186-187 |
| 653 ## - INDEX TERM--UNCONTROLLED |
| Uncontrolled term |
გარემოს ქიმია |
| 653 ## - INDEX TERM--UNCONTROLLED |
| Uncontrolled term |
ეკოქიმია |
| 700 ## - ADDED ENTRY--PERSONAL NAME |
| Relator code |
თაყაიშვილი, ნინო |
| Relator term |
რედაქტორი |
| 9 (RLIN) |
20103 |
| 942 ## - ADDED ENTRY ELEMENTS (KOHA) |
| Koha item type |
წიგნი |
| Source of classification or shelving scheme |
|